| 000 | nam a22 a 4500 | ||
|---|---|---|---|
| 999 |
_c57604 _d57604 |
||
| 003 | BLK | ||
| 005 | 20220920095836.0 | ||
| 008 | 180408b bul|||||r ||||||| ||bul|| | ||
| 010 | _aKNG00061610000 | ||
| 040 | _aBLK | ||
| 041 |
_aBUL _cBUL |
||
| 080 |
_aПрирода. Изучаване и опазване на природната среда. Опазване на растителния и животинския свят. Вж и 55/59 _b502 _z502 |
||
| 100 | 1 |
_aСтаменов, Митре Александров _eпърви автор _9369546 |
|
| 139 |
_aСтаменов, Митре _bС 64 |
||
| 245 | 1 | 0 |
_aОбратната страна на цивилизацията _bНауч.-попул. очерк _cМитре Александров Стаменов. |
| 257 | _aBGR | ||
| 260 |
_bПартиздат _c1975 _aСофия |
||
| 300 |
_a173 с. _c20 см |
||
| 380 | _a5 | ||
| 500 | _aЗащита и опазване на природата. | ||
| 650 | 4 |
_aПрирода - защита _9244653 |
|
| 650 | 4 |
_aВъздух - замърсяване и опазване _9287731 |
|
| 650 | 4 |
_aВода - замърсяване и пречистване _9265631 |
|
| 650 | 4 |
_aПочви - замърсяване и опазване _9261675 |
|
| 650 | 4 |
_aПродоволствен въпрос _9167944 |
|
| 653 | _aприрода | ||
| 653 | _aвъздух | ||
| 653 | _aвода | ||
| 653 | _aпочви | ||
| 653 | _aопазване на околната среда | ||
| 852 |
_aЦб 75244 _bЦб |
||
| 856 | 4 | _qpdf | |
| 856 | 4 | _qpdf | |
| 942 |
_cKNG _n0 _s1 |
||
| 944 |
_aCR _c13.06.2004 _kЦветанка_Енчева |
||
| 944 |
_aED _c21.09.2017 _kСевдалина_Василева |
||
| 944 |
_aED _c2022-09-20 _kМикаела Микова-Илиева |
||
| 999 | _d57604 | ||